| 000 | 00368nam a2200109Ia 4500 | ||
|---|---|---|---|
| 008 | 171211s9999 xx 000 0 und d | ||
| 245 | _aResearch Methods in Language and Education (3rd edition) | ||
| 245 | _cKendall A. King, Stephen May, and Yi-Ju Lai | ||
| 260 | _c2017 | ||
| 650 | _xEncyclopedia and Dictionary | ||
| 856 | _uhttp://down.ebook777.com/064/3319022504.pdf | ||
| 999 |
_c350141 _d350141 |
||